<?xml version="1.0" encoding="UTF-8"?>
<record
    xmlns:xsi="http://www.w3.org/2001/XMLSchema-instance"
    xsi:schemaLocation="http://www.loc.gov/MARC21/slim http://www.loc.gov/standards/marcxml/schema/MARC21slim.xsd"
    xmlns="http://www.loc.gov/MARC21/slim">

  <leader>03215nam a22002537a 4500</leader>
  <controlfield tag="005">20240305165631.0</controlfield>
  <controlfield tag="007">cr||||   |||| </controlfield>
  <controlfield tag="008">220421s2020    es |||||s|||| 00||0 spa d</controlfield>
  <datafield tag="020" ind1=" " ind2=" ">
    <subfield code="a">978-84-122314-8-9</subfield>
  </datafield>
  <datafield tag="035" ind1=" " ind2=" ">
    <subfield code="a">35574</subfield>
  </datafield>
  <datafield tag="040" ind1=" " ind2=" ">
    <subfield code="a">vLex</subfield>
  </datafield>
  <datafield tag="090" ind1=" " ind2=" ">
    <subfield code="c">13217</subfield>
    <subfield code="d">13217</subfield>
  </datafield>
  <datafield tag="100" ind1="1" ind2=" ">
    <subfield code="a">L&#xED;dice, Roberta</subfield>
  </datafield>
  <datafield tag="245" ind1="1" ind2="2">
    <subfield code="a">La Funci&#xF3;n Social de la Defensor&#xED;a del Pueblo y el Canal de Denuncias</subfield>
    <subfield code="h">[Recurso electr&#xF3;nico] :</subfield>
    <subfield code="b">Una Cuesti&#xF3;n de Ciudadan&#xED;a /</subfield>
    <subfield code="c">Roberta L&#xED;dice</subfield>
  </datafield>
  <datafield tag="256" ind1=" " ind2=" ">
    <subfield code="a">Servicio en l&#xED;nea</subfield>
  </datafield>
  <datafield tag="260" ind1=" " ind2=" ">
    <subfield code="a">Barcelona:</subfield>
    <subfield code="b">J.M. Bosch Editor,</subfield>
    <subfield code="c">2020</subfield>
  </datafield>
  <datafield tag="300" ind1=" " ind2=" ">
    <subfield code="a">1 recurso electr&#xF3;nico</subfield>
  </datafield>
  <datafield tag="500" ind1=" " ind2=" ">
    <subfield code="a">Este libro pretende ofrecer al lector una muestra amplia y detallada acerca de la funci&#xF3;n social de la Defensor&#xED;a del Pueblo y las actuaciones del Canal de Denuncias en la gesti&#xF3;n de los procesos, con el enfoque en la soluci&#xF3;n end-to-end, para una actuaci&#xF3;n efectiva del Case Management en instituiciones p&#xFA;blicas y privadas. En ese sentido, se puede constatar que las actividades de estos canales est&#xE1;n centrados en la recepci&#xF3;n, an&#xE1;lisis, investigaci&#xF3;n y tratamiento de las quejas recibidas, asumiendo la responsabilidad de apertura, cierre y dem&#xE1;s actos relativos a los casos presentados, desarrollando as&#xED; un trabajo eficiente y efectivo, con la b&#xFA;squeda de evidencias y producci&#xF3;n de elementos probatorios, cumpliendo con los principios y derechos previstos en nuestro ordenamiento jur&#xED;dico, con el objetivo de detectar y manejar casos que presentan conductas criminales, comportamiento poco &#xE9;tico, estafadores y detentores de informaciones, de modo que las pr&#xE1;cticas y actitudes que no cumplan con el C&#xF3;digo de Conducta y &#xC9;tica Organizacional sean informadas de manera responsable y analizadas por los canales de quejas y denuncias. En este contexto, se puede afimar que se trata de un instrumento de control interno en el &#xE1;mbito de la administraci&#xF3;n p&#xFA;blica, y una herramienta estrat&#xE9;gica de inteligencia empresarial, siendo un gran aliado para la gesti&#xF3;n de riesgos en las organizaciones. As&#xED; pues, se destaca la importancia de los canales de atenci&#xF3;n al ciudadano, cuya finalidad es estimular la participaci&#xF3;n social para la concreci&#xF3;n del ejercicio pleno de la ciudadan&#xED;a y promover la toma de consciencia respecto a sus derechos y garant&#xED;as fundamentales, tales como: igualdad, libertad y dignidad, independientemente de raza, color, religi&#xF3;n o clase social. A su vez, el referido canal debe actuar de modo que proporcione una comunicaci&#xF3;n accesible a todos, basado en el respeto a la diversidad, libre de racismo y discriminaci&#xF3;n, y sobre todo, con el compromiso de fomentar la inclusi&#xF3;n social y promover la defensa de los derechos fundamentales de los ciudadanos. Es la utilizaci&#xF3;n de la ciencia con conciencia.</subfield>
  </datafield>
  <datafield tag="506" ind1="1" ind2=" ">
    <subfield code="a">Disponible solo en los productos indicados</subfield>
    <subfield code="d">vLex Global</subfield>
    <subfield code="d">vLex Global (Academic Edition, excluding Law Schools)</subfield>
    <subfield code="d">vLex Global (U.S. Academic Edition, Law Schools)</subfield>
    <subfield code="d">vLex Global (U.S. Academic Edition, excluding Law Schools)</subfield>
    <subfield code="d">vLex Global (Academic Edition, Law Schools)</subfield>
  </datafield>
  <datafield tag="650" ind1="0" ind2="4">
    <subfield code="a">Derecho Civil</subfield>
    <subfield code="z">Espa&#xF1;a</subfield>
  </datafield>
  <datafield tag="740" ind1="0" ind2=" ">
    <subfield code="a">vLex Libros (Servicio en l&#xED;nea)</subfield>
  </datafield>
  <datafield tag="856" ind1="4" ind2="0">
    <subfield code="u">https://app.vlex.com/#/sources/35574</subfield>
  </datafield>
  <datafield tag="942" ind1=" " ind2=" ">
    <subfield code="c">RAA</subfield>
  </datafield>
  <datafield tag="952" ind1=" " ind2=" ">
    <subfield code="0">0</subfield>
    <subfield code="1">0</subfield>
    <subfield code="4">0</subfield>
    <subfield code="7">0</subfield>
    <subfield code="8">VLEX</subfield>
    <subfield code="9">329375</subfield>
    <subfield code="a">BD-UIN</subfield>
    <subfield code="b">BD-UIN</subfield>
    <subfield code="d">2024-03-05</subfield>
    <subfield code="l">0</subfield>
    <subfield code="p">35574</subfield>
    <subfield code="r">2024-03-05</subfield>
    <subfield code="w">2024-03-05</subfield>
    <subfield code="y">RAA</subfield>
  </datafield>
  <datafield tag="999" ind1=" " ind2=" ">
    <subfield code="c">171453</subfield>
    <subfield code="d">171453</subfield>
  </datafield>
</record>
